| 000 | 00928nam a2200253Ia 4500 | ||
|---|---|---|---|
| 008 | 210114s9999||||xx |||||||||||||| ||und|| | ||
| 020 | _a957556880X | ||
| 020 | _a9789575568801 | ||
| 041 |
_achi _heng |
||
| 050 |
_aBP172 _b.Q718512 2020 |
||
| 100 | _aQureshi, Nabeel | ||
| 245 | 0 |
_a鐵證如山的信仰: _b伊斯蘭或基督教? _c納比.庫雷希 (Nabeel Qureshi) 著; 橄欖編輯部譯 |
|
| 246 |
_a铁证如山的信仰: _b伊斯兰或基督教? |
||
| 260 |
_a新北市 : _b橄欖, _c2020 |
||
| 300 |
_a414 p. _b; _c21 cm. |
||
| 490 |
_a真理衛道叢書; _v12 |
||
| 500 | _aTranslation of: No God but one : Allah or Jesus? : a former Muslim investigates the evidence for Islam and Christianity/ | ||
| 650 | _aChristianity and other religions Islam. | ||
| 650 | _aIslam Doctrines. | ||
| 650 | _aIslam Relations Christianity. | ||
| 700 | _a納比.庫雷希 | ||
| 710 | _a橄欖編輯部 | ||
| 999 |
_c37794 _d37794 |
||